000 00565nam a22002177a 4500
003 OSt
005 20140310181935.0
008 130723t xxu||||| |||| 00| 0 eng d
020 _a9781853261527
050 _aPR 4726
_b.G742 1995
082 _aCLA
_bG76g 1995
100 _aGrahame, Kenneth
245 _aThe golden age /
_cby Kenneth Grahame.
260 _aDenmark :
_bWordsworth Classics Ltd,
_c1995.
300 _a196 p. ;
_c18 cm.
541 _j1
562 _e1
650 _aClassics
_92808
700 _aGrahame, Kenneth
942 _2lcc
_cBK
_kCLA
999 _c7514
_d7514